Über die Einwirkung des Türkischen auf die Grammatik der sudosteuropäischen Sprachen

Elmentve itt :
Bibliográfiai részletek
Szerző: Miklosich Franz
Dokumentumtípus: Cikk
Megjelent: Tempsky Wien 1889
Kulcsszavak:Török nyelv hatása
Tárgyszavak:
Online Access:http://misc.bibl.u-szeged.hu/63752
LEADER 00725nab a2200205 i 4500
001 misc63752
005 20220916130037.0
008 220803s1889 hu o 0|| ger d
040 |a SZTE Miscellanea Repozitórium  |b hun 
041 |a ger 
100 1 |a Miklosich Franz 
245 1 0 |a Über die Einwirkung des Türkischen auf die Grammatik der sudosteuropäischen Sprachen  |h [elektronikus dokumentum] /  |c  Miklosich Franz 
260 |a Tempsky  |b Wien  |c 1889 
300 |a 12 p.  |c 23 cm 
561 |a Németh Gyula hagyaték 
591 |a NOA 3711 
650 4 |a Bölcsészettudományok 
650 4 |a Nyelvek és irodalom 
695 |a Török nyelv hatása 
856 4 0 |u http://misc.bibl.u-szeged.hu/63752/1/3711_noa_m66.pdf  |z Dokumentum-elérés